[Event "Gibraltar Open"]
[Site "Caleta ENG"]
[Date "2012.01.29"]
[Round "6.89"]
[White "Spanton, Tim R"]
[Black "Peredy, Ferenc"]
[Result "1/2-1/2"]
[BlackTitle "IM"]
[WhiteElo "1984"]
[BlackElo "2180"]
[WhiteFideId "404802"]
[BlackFideId "705985"]
[EventDate "2012.01.24"]

1. c4 Nf6 2. g3 g6 3. Bg2 d5 4. cxd5 Nxd5 5. Nc3 Nb6 6. Nf3 Bg7 7. O-O Nc6 8. d3
O-O 9. Be3 h6 10. Qd2 Kh7 11. Rac1 e5 12. Ne4 f5 13. Nc3 Be6 14. Rfd1 Nd4 15.
Ne1 c6 16. f4 exf4 17. Bxf4 g5 18. Be3 Bf7 19. Nf3 Ne6 20. a3 Bh5 21. b4 Qe7 22.
Rb1 Rad8 23. Qc2 Rfe8 24. Re1 Bg6 25. Qb3 Bf6 26. a4 Qg7 27. Bd2 Bf7 28. Qc2 Bg6
29. a5 Nd5 30. Nxd5 cxd5 31. Kh1 Rd7 32. Qb3 Bf7 33. Rbc1 Nc7 34. Qb1 Nb5 35.
Rc5 a6 36. e3 Bg6 37. Qb3 Red8 38. d4 Kh8 39. Ng1 Bf7 40. Ne2 Be7 41. Rcc1 Be6
42. Nc3 Nxc3 43. Rxc3 Qg6 44. Qb1 h5 45. Bh3 Kg7 46. Rf1 g4 47. Bg2 h4 48. gxh4
Bxh4 49. Be1 Bxe1 50. Qxe1 Qg5 51. Qg3 Kg6 52. Rfc1 Qe7 53. Qe5 Bf7 54. Qxe7
Rxe7 55. Kg1 Rde8 56. Kf2 Kg5 57. Rc7 f4 58. Rxe7 Rxe7 59. exf4+ Kxf4 60. Rc3
Bg8 61. Rc8 Bf7 62. Rf8 Kg5 63. Rd8 Kf4 64. Bxd5 Bxd5 65. Rxd5 Rh7 66. Kg2 Re7
67. Kf2 Rh7 68. Kg2 1/2-1/2

[Event "Gibraltar Open"]
[Site "Caleta ENG"]
[Date "2012.01.29"]
[Round "6.90"]
[White "Obiamiwe, Paul"]
[Black "Adler, Bo"]
[Result "0-1"]
[WhiteElo "1982"]
[BlackElo "2167"]
[WhiteFideId "8500215"]
[BlackFideId "1702149"]
[EventDate "2012.01.24"]

1. e4 e5 2. Nf3 Nc6 3. Bb5 a6 4. Ba4 Bc5 5. c3 Nf6 6. O-O Ba7 7. d4 b5 8. Bb3 d6
9. h3 Bb7 10. Re1 h6 11. a4 O-O 12. axb5 axb5 13. Qd3 Qd7 14. Nbd2 exd4 15. Nxd4
Ne5 16. Qg3 Bxd4 17. Rxa8 Bxf2+ 18. Kxf2 Rxa8 19. Bc2 Qe7 20. Kg1 Nh5 21. Qf2
Qf6 22. Qe2 Nf4 23. Qf2 Qg5 24. Re3 Ra1 25. Nb3 Rxc1+ 26. Nxc1 Nxh3+ 27. Rxh3
Qxc1+ 28. Qf1 Qxc2 29. Qf2 Qxf2+ 30. Kxf2 Bxe4 31. Rh4 d5 32. g3 Nd3+ 33. Ke3
Nxb2 34. Kd4 Nd3 35. Rh2 c5+ 36. Ke3 b4 37. c4 Ne5 38. cxd5 Ng4+ 39. Kxe4 Nxh2
40. d6 Ng4 41. Kd5 Nf6+ 42. Kxc5 b3 0-1

[Event "Gibraltar Open"]
[Site "Caleta ENG"]
[Date "2012.01.29"]
[Round "6.92"]
[White "Dimitrijevic, Dragan"]
[Black "Samu, Sorin-Mihai"]
[Result "0-1"]
[WhiteElo "1937"]
[BlackElo "2156"]
[WhiteFideId "822310"]
[BlackFideId "1210165"]
[EventDate "2012.01.24"]

1. d4 b6 2. Bg5 Bb7 3. Nd2 h6 4. Bh4 g5 5. Bg3 Bg7 6. e3 Nf6 7. h4 d6 8. hxg5
hxg5 9. Rxh8+ Bxh8 10. Bb5+ c6 11. Bd3 c5 12. Ngf3 g4 13. Nh4 Nc6 14. c3 e5 15.
dxc5 bxc5 16. Be2 Bc8 17. Nc4 Ke7 18. Qc2 Na5 19. Nxa5 Qxa5 20. Nf5+ Bxf5 21.
Qxf5 Rb8 22. Bxe5 Rxb2 23. Bxd6+ Kxd6 24. O-O-O+ Ke7 25. Kxb2 Nd5 26. Qe4+ Kf8
27. Rc1 Bxc3+ 28. Kc2 Qxa2+ 29. Kd3 Qd2+ 30. Kc4 Nb6+ 31. Kxc5 Qxc1 32. Bc4 Be1
33. Qd4 Qxc4+ 0-1

[Event "Gibraltar Open"]
[Site "Caleta ENG"]
[Date "2012.01.29"]
[Round "6.93"]
[White "Schmidt, Ralf"]
[Black "Reppen, Ellisiv"]
[Result "1/2-1/2"]
[WhiteElo "2156"]
[BlackElo "1948"]
[WhiteFideId "4640950"]
[BlackFideId "1504959"]
[EventDate "2012.01.24"]

1. e4 e5 2. d4 exd4 3. Qxd4 Nc6 4. Qe3 Nf6 5. Nc3 Bb4 6. Bd2 O-O 7. O-O-O Re8 8.
Qg3 Bxc3 9. Bxc3 Rxe4 10. Bd3 Re8 11. Nf3 d6 12. Rde1 Rxe1+ 13. Rxe1 Bd7 14. Ng5
Ne5 15. Bxe5 dxe5 16. Bc4 Be8 17. Qxe5 h6 18. Rd1 Qb8 19. Ne4 Nxe4 20. Qxe4 c6
21. h4 Qc7 22. Bd3 g6 23. Bc4 Kh7 24. h5 Rd8 25. hxg6+ fxg6 26. Rxd8 Qxd8 27.
Qe6 Bd7 28. Qf7+ Kh8 29. Qxg6 Qg5+ 30. Qxg5 hxg5 31. b4 Kg7 32. Kd2 Kf6 33. Ke3
Ke5 34. f3 Bf5 35. Bb3 b6 36. g3 c5 37. c3 a5 38. f4+ gxf4+ 39. gxf4+ Kd6 40. b5
Ke7 41. Bd5 Kd6 42. Bc4 Ke7 43. a3 Kf6 44. Bd5 Bd7 45. Bc6 Bf5 46. Kf3 Bd3 47.
Kg3 Bf5 48. Kf3 Bd3 49. Ke3 Bf5 50. Be4 Bd7 51. Bd3 Be6 52. Kf3 Bd5+ 53. Kg4
Be6+ 54. f5 Bd5 55. Kf4 Bb7 56. Bc4 Bc8 57. Be6 Bb7 58. Bd7 Bd5 59. Bc6 Bb3 60.
Ke4 Bc4 61. Bd7 Bb3 62. Be6 Bxe6 63. fxe6 Kxe6 64. a4 Kd6 65. c4 Ke6 66. Kf4 Kf6
67. Ke4 Ke6 1/2-1/2

[Event "Gibraltar Open"]
[Site "Caleta ENG"]
[Date "2012.01.29"]
[Round "6.94"]
[White "Daurelle, Herve"]
[Black "Jablon, Stephen"]
[Result "1-0"]
[WhiteElo "2148"]
[BlackElo "1931"]
[WhiteFideId "602655"]
[BlackFideId "2019833"]
[EventDate "2012.01.24"]

1. e4 e5 2. Bc4 Nf6 3. d4 Nxe4 4. dxe5 c6 5. Qe2 Nc5 6. a3 Be7 7. Nf3 O-O 8. O-O
d5 9. exd6 Qxd6 10. Rd1 Qc7 11. Nc3 Be6 12. Be3 Nbd7 13. Rd2 Bf6 14. Nd4 Bxc4
15. Qxc4 Rfe8 16. Rad1 Ne4 17. Nxe4 Rxe4 18. Qf1 Ne5 19. h3 Rd8 20. Nb3 Nc4 21.
Rxd8+ Bxd8 22. Qd3 Re8 23. Qxc4 h6 24. Qf4 Qc8 25. Qg4 Qxg4 26. hxg4 Rf8 27.
Bxa7 b6 28. Nd4 c5 29. Nc6 Bc7 30. Rd7 Bf4 31. Bxb6 Re8 32. Rd8 1-0

[Event "Gibraltar Open"]
[Site "Caleta ENG"]
[Date "2012.01.29"]
[Round "6.96"]
[White "Van Diermen, Arie"]
[Black "Kakulia, Shalva"]
[Result "0-1"]
[WhiteElo "1904"]
[BlackElo "2133"]
[WhiteFideId "1009710"]
[BlackFideId "13602306"]
[EventDate "2012.01.24"]

1. e4 e6 2. d4 d5 3. exd5 exd5 4. c4 Nf6 5. Nc3 c6 6. h3 Bd6 7. Nf3 O-O 8. Be3
Re8 9. Qd2 Bb4 10. Rc1 Ne4 11. Qc2 Bf5 12. Qb3 Qe7 13. Kd1 Bxc3 14. bxc3 dxc4
15. Bxc4 b5 16. Bf1 Nd7 17. g4 Be6 18. Qc2 Bd5 19. Be2 Qa3 20. Rg1 Bxa2 21. Nd2
Nxd2 22. Kxd2 Bb3 23. Qb1 Nb6 24. Bd3 Qa2+ 25. Qxa2 Bxa2 26. Ra1 Bd5 27. Ra6 Re7
28. Rga1 Rb7 29. Bf4 h6 30. Bd6 g5 31. Bc5 Na4 32. Bb4 Rb6 33. Ra5 Bg2 34. Bc2
Bxh3 35. f3 c5 36. Bxc5 Nxc5 37. dxc5 Re6 38. Kc1 a6 39. Be4 Ra7 40. Rxb5 Rc7
41. Rb8+ Kg7 42. Rb6 Bxg4 43. Raxa6 Rxc5 44. Rxe6 Bxe6 45. Kd2 h5 46. Ra7 h4 47.
Ra6 h3 48. Ra1 f5 49. Ba8 Kf6 50. Rf1 Ra5 51. Bb7 Kg6 52. Ke3 Kh5 53. f4 g4 54.
Kf2 Kh4 55. Kg1 g3 56. Bf3 Ra2 57. Re1 Bc4 58. Rd1 Rf2 59. Re1 Rxf3 0-1

[Event "Gibraltar Open"]
[Site "Caleta ENG"]
[Date "2012.01.29"]
[Round "6.97"]
[White "Hallerod, Ralph"]
[Black "Auvinen, Esa"]
[Result "0-1"]
[WhiteElo "2124"]
[BlackElo "1926"]
[WhiteFideId "1705644"]
[BlackFideId "501069"]
[EventDate "2012.01.24"]

1. d4 Nf6 2. c4 e6 3. Nc3 d5 4. cxd5 exd5 5. Qc2 c6 6. Bf4 Bg4 7. Bxb8 Rxb8 8.
h3 Bh5 9. f4 Nd7 10. O-O-O f6 11. g4 Bg6 12. f5 Bf7 13. Nf3 Bd6 14. e3 O-O 15.
Bd3 c5 16. Qg2 c4 17. Bb1 b5 18. Ne1 Nb6 19. Nxb5 Na4 20. Nxd6 Qxd6 21. Rd2 c3
22. Rc2 Rxb2 23. Nd3 Rxc2+ 24. Qxc2 Qa3+ 25. Kd1 Rb8 26. Ke2 Nb2 27. Nc5 Nc4 28.
Nb3 Re8 29. Kf2 Rxe3 30. Re1 Rxh3 31. Kg1 Qd6 32. Qf2 Rg3+ 33. Kh1 Rxg4 34. Re2
Qf4 35. Qxf4 Rxf4 36. Kg2 g5 37. a4 a5 38. Bd3 Nb2 39. Bc2 Nxa4 40. Nxa5 Rxd4
41. Nc6 Rg4+ 42. Kh3 Rh4+ 43. Kg3 Nc5 44. Re1 Ne4+ 45. Kf3 Rh3+ 46. Kg2 Rg3+ 47.
Kf1 Rf3+ 48. Kg1 Rf4 49. Ra1 g4 50. Ra8+ Kg7 51. Ra7 Ng5 52. Nd8 Rb4 53. Ne6+
Kh6 54. Nxg5 Kxg5 55. Rxf7 Rb2 56. Ba4 c2 57. Bxc2 Rxc2 58. Rxh7 Kxf5 59. Rd7
Ke4 60. Re7+ Kf4 61. Rd7 Rd2 62. Kf1 g3 63. Ke1 g2 64. Rg7 Ra2 65. Rg6 f5 66.
Rg7 Kf3 67. Rg5 g1=Q+ 68. Rxg1 Ra1+ 0-1

[Event "Gibraltar Open"]
[Site "Caleta ENG"]
[Date "2012.01.29"]
[Round "6.98"]
[White "Jameson, David"]
[Black "Kuenitz, Klaus"]
[Result "1-0"]
[WhiteElo "2077"]
[BlackElo "1686"]
[WhiteFideId "1801538"]
[BlackFideId "4640713"]
[EventDate "2012.01.24"]

1. e4 e6 2. d4 d5 3. Nc3 dxe4 4. Nxe4 Nd7 5. Bd3 Ngf6 6. Qe2 c5 7. Nxf6+ Nxf6 8.
dxc5 Bxc5 9. Bd2 Qb6 10. O-O-O O-O 11. Nf3 a5 12. Bc3 Bxf2 13. Nd4 Bh4 14. Nf3
Bf2 15. Rhf1 Qe3+ 16. Rd2 Qxe2 17. Rxe2 Bb6 18. Ne5 Nd5 19. Bd2 Bc7 20. Nc4 Bd7
21. Rf3 Bb5 22. Kb1 g6 23. Ref2 f5 24. h4 e5 25. Nxe5 Bxd3 26. Nxd3 Rfe8 27. a3
Nf6 28. Bf4 Bb6 29. Rd2 Ne4 30. Rd1 Rad8 31. Kc1 Nf6 32. Bg5 Kg7 33. g4 h6 34.
Bxf6+ Kxf6 35. Rdf1 Be3+ 36. Kb1 Rd5 37. h5 gxh5 38. Rxf5+ Rxf5 39. Rxf5+ Kg7
40. Rxh5 Bg5 41. Rh1 b6 42. Re1 Rxe1+ 43. Nxe1 Kg6 44. c4 Be3 45. Nf3 h5 46.
gxh5+ Kxh5 47. Kc2 Kg4 48. Nd2 Kf4 49. Kd3 Bg1 50. Nb3 Ke5 51. Nd2 Kd6 52. Ne4+
Kc6 53. a4 Bh2 54. Kd4 Bg1+ 55. Kc3 Bh2 56. Kc2 Bg1 57. Kd3 Bh2 58. c5 bxc5 59.
Kc4 Bg1 60. Ng5 Bd4 61. b3 Be3 62. Nf7 Bf2 63. Ne5+ Kd6 64. Nd3 Be3 65. Kb5 Kd5
66. Nb2 Kd4 67. Nc4 Kc3 68. Nxe3 1-0

[Event "Gibraltar Open"]
[Site "Caleta ENG"]
[Date "2012.01.29"]
[Round "6.99"]
[White "Candano Gonzalez, Alvaro"]
[Black "De Seroux, Camille"]
[Result "0-1"]
[WhiteElo "1647"]
[BlackElo "2076"]
[WhiteFideId "22232796"]
[BlackFideId "1305620"]
[EventDate "2012.01.24"]

1. e4 c5 2. d4 cxd4 3. c3 Nf6 4. e5 Nd5 5. Qxd4 e6 6. Nf3 Nc6 7. Qg4 Qc7 8. Qg3
d6 9. exd6 Qxd6 10. Qxd6 Bxd6 11. Bd3 O-O 12. O-O b6 13. a3 Bb7 14. Rd1 Rfd8 15.
Bg5 f6 16. Be3 Nxe3 17. fxe3 Kf7 18. Kf2 Ne5 19. Nxe5+ Bxe5 20. g3 Bc6 21. a4
Rd5 22. Bc2 Rxd1 23. Bxd1 Rd8 24. Ke1 Rd3 25. Ke2 Rd5 26. Na3 Bb8 27. Ke1 Re5
28. Kf2 Rf5+ 29. Ke1 h5 30. Nc4 h4 31. gxh4 Bxh2 32. Bg4 Bg3+ 33. Ke2 Rf2+ 34.
Kd3 f5 35. Be2 Be4+ 36. Kd2 Bf3 37. Re1 Rg2 38. Kd3 Be4+ 39. Kd2 Bxe1+ 40. Kxe1
Kf6 41. b4 Bd5 42. Nd6 Rg1+ 43. Kd2 Ra1 44. Bb5 Bb3 45. a5 Rd1+ 0-1

[Event "Gibraltar Open"]
[Site "Caleta ENG"]
[Date "2012.01.29"]
[Round "6.103"]
[White "Johnsen, Kjell Magne"]
[Black "Ranaivoharisoa, Alain"]
[Result "0-1"]
[WhiteElo "1950"]
[BlackElo "2135"]
[WhiteFideId "1505319"]
[BlackFideId "13100025"]
[EventDate "2012.01.24"]

1. d4 e6 2. e4 d5 3. Nc3 dxe4 4. Nxe4 Nd7 5. Nf3 Ngf6 6. Bg5 Be7 7. Bxf6 Nxf6 8.
Bd3 O-O 9. Qe2 c5 10. Nxc5 Bxc5 11. dxc5 Qa5+ 12. c3 Qxc5 13. Ne5 b6 14. O-O-O
Bb7 15. Kb1 Rad8 16. Rhe1 Bxg2 17. Nxf7 Rxf7 18. Bxh7+ Kxh7 19. Rxd8 Be4+ 20.
Ka1 Qc7 21. Rd4 Bf5 22. Rh4+ Kg8 23. Rg1 Rd7 24. Qe3 Qd8 25. Rd4 Rxd4 26. cxd4
Nd5 27. Qd2 a5 28. a3 Qh4 29. f3 Kh7 30. b3 b5 31. Kb2 b4 32. a4 Nf4 33. Ka2 Nd3
34. Qg5 Qf2+ 0-1

[Event "Gibraltar Open"]
[Site "Caleta ENG"]
[Date "2012.01.29"]
[Round "6.104"]
[White "Boesch, Dirk"]
[Black "Zachariassen, John"]
[Result "1-0"]
[WhiteElo "2131"]
[BlackElo "1949"]
[WhiteFideId "4670639"]
[BlackFideId "1405535"]
[EventDate "2012.01.24"]

1. d4 Nf6 2. c4 d6 3. Nf3 Nbd7 4. g3 e5 5. Bg2 c6 6. Nc3 Be7 7. e4 Qc7 8. O-O
O-O 9. h3 Re8 10. Qc2 Nf8 11. d5 Bd7 12. Be3 Rec8 13. Rfc1 cxd5 14. cxd5 b5 15.
a3 Qb7 16. Ne1 Rc7 17. Nd3 Rac8 18. Qd2 Ng6 19. Kh2 Rc4 20. b3 R4c7 21. Rc2 Ne8
22. Rac1 Qa6 23. Nb1 Rxc2 24. Rxc2 Rxc2 25. Qxc2 f5 26. Nb4 Qc8 27. Qxc8 Bxc8
28. Bxa7 1-0

[Event "Gibraltar Open"]
[Site "Caleta ENG"]
[Date "2012.01.29"]
[Round "6.105"]
[White "Frey, Matthias"]
[Black "Navarrete Espi, Samuel"]
[Result "0-1"]
[WhiteElo "1941"]
[BlackElo "2120"]
[WhiteFideId "1315030"]
[BlackFideId "2237725"]
[EventDate "2012.01.24"]

1. e4 e5 2. Nf3 Nc6 3. Bb5 a6 4. Ba4 Nf6 5. O-O Be7 6. Re1 b5 7. Bb3 d6 8. h3
O-O 9. c3 Na5 10. Bc2 c5 11. d4 Nd7 12. Nbd2 exd4 13. cxd4 Nc6 14. Nf1 Bf6 15.
Be3 Qb6 16. dxc5 dxc5 17. Rb1 a5 18. a3 a4 19. Ng3 g6 20. Nd2 Bd4 21. Kh2 Bxe3
22. Rxe3 c4 23. Qe1 Nd4 24. Bd1 Ne5 25. Ne2 Nd3 26. Rxd3 cxd3 27. Nc1 Nc2 28.
Qf1 Rd8 29. f4 Qe3 0-1

[Event "Gibraltar Open"]
[Site "Caleta ENG"]
[Date "2012.01.29"]
[Round "6.106"]
[White "Dasaolu, Adeoye"]
[Black "Patola, Eero"]
[Result "1-0"]
[WhiteElo "2103"]
[BlackElo "1939"]
[WhiteFideId "416061"]
[BlackFideId "504092"]
[EventDate "2012.01.24"]

1. Nf3 f5 2. d4 g6 3. c4 Nf6 4. Nc3 Bg7 5. Bg5 O-O 6. Qd2 d6 7. d5 c5 8. Bh6 Na6
9. h4 Qe8 10. Bxg7 Kxg7 11. e3 h6 12. Bd3 Nc7 13. Ng1 Bd7 14. a4 a6 15. a5 Qf7
16. Nh3 Ng4 17. Nf4 Ne5 18. Be2 Rab8 19. Rh3 b5 20. cxb5 Bxb5 21. Rg3 Kh7 22.
Nxb5 Nxb5 23. Ne6 Rfc8 24. f4 Nd7 25. h5 Nf8 26. Nxf8+ Qxf8 27. Rxg6 c4 28. Rc1
Rc5 29. Rxc4 Rbc8 30. Rxc5 Rxc5 31. g4 Qf7 32. Bf3 Nc7 33. e4 fxe4 34. Bxe4 Rc4
35. Bf5 Kh8 36. b3 1-0

[Event "Gibraltar Open"]
[Site "Caleta ENG"]
[Date "2012.01.29"]
[Round "6.107"]
[White "Magar, Johannes"]
[Black "Helin, Mikael"]
[Result "1-0"]
[WhiteElo "2088"]
[BlackElo "1935"]
[WhiteFideId "4648943"]
[BlackFideId "1703838"]
[EventDate "2012.01.24"]

1. e4 c5 2. Nf3 a6 3. c3 d5 4. exd5 Qxd5 5. d4 e6 6. Be2 Nf6 7. Be3 Nbd7 8. O-O
Qd6 9. h3 Qc7 10. Nbd2 Nd5 11. Nc4 b5 12. Nce5 Nxe3 13. fxe3 f6 14. Nd3 e5 15.
dxe5 fxe5 16. Ng5 Nf6 17. Bh5+ Ke7 18. Nf7 c4 19. Ndxe5 Be6 20. Bf3 Rc8 21. Bg4
Nxg4 22. hxg4 Rg8 23. Qf3 Ke8 24. Rad1 Bc5 25. Qe4 Rf8 26. Ng5 Rxf1+ 27. Kxf1
Qe7 28. Nxe6 Qxe6 29. Qf4 Rc7 30. Qg5 Re7 31. Nf3 Qxe3 32. Qxe3 Rxe3 33. Rd5 Be7
34. Kf2 Re6 35. Nd4 Rb6 36. a3 h6 37. Nf5 Bf6 38. Nd6+ Kf8 39. Ne4 Be7 40. g5 h5
41. Kf3 Kf7 42. Rd7 Ke6 43. Ra7 g6 44. g4 h4 45. Ra8 Bd6 46. Rh8 Bg3 47. Nxg3
hxg3 48. Kxg3 Rd6 49. Rh2 Kd7 50. Kf4 Re6 51. Kf3 Kc7 52. Rh7+ Kd6 53. Ra7 Ke5
54. Rf7 Rd6 55. Re7+ Re6 56. Rxe6+ Kxe6 57. Ke4 Kd6 58. Kd4 Kc6 59. Ke5 a5 60.
Kf6 Kc5 61. Kxg6 b4 62. Kf5 Kb5 63. g6 Ka4 64. g7 bxa3 65. bxa3 Kxa3 66. g8=Q
Kb3 67. Qh8 a4 68. Ke4 a3 69. Qa8 1-0

[Event "Gibraltar Open"]
[Site "Caleta ENG"]
[Date "2012.01.29"]
[Round "6.109"]
[White "Thorell, Viktor"]
[Black "Lundback, Karl"]
[Result "1/2-1/2"]
[WhiteElo "2046"]
[BlackElo "1907"]
[WhiteFideId "1715488"]
[BlackFideId "1716026"]
[EventDate "2012.01.24"]

1. e4 e6 2. d4 d5 3. exd5 exd5 4. Bd3 Nf6 5. Nf3 Bd6 6. O-O O-O 7. Bg5 Bg4 8.
Nbd2 c6 9. c3 Nbd7 10. Qc2 Qc7 11. Rfe1 Rfe8 12. h3 Bh5 13. Rxe8+ Rxe8 14. Re1
Rxe1+ 15. Nxe1 Qd8 16. Qb3 Qb8 17. Nef3 h6 18. Bxf6 Nxf6 19. Qd1 Qe8 20. Qe2
Qxe2 21. Bxe2 Bg6 22. Ne5 Bxe5 23. dxe5 Ne4 24. Nxe4 Bxe4 25. f4 Kf8 26. Kf2 Ke7
27. Bg4 f6 28. exf6+ Kxf6 29. g3 b6 30. Ke3 Bb1 31. a3 Be4 32. b4 c5 33. bxc5
bxc5 1/2-1/2

[Event "Gibraltar Open"]
[Site "Caleta ENG"]
[Date "2012.01.29"]
[Round "6.110"]
[White "Puroila, Sippo"]
[Black "Isherwood, Paul"]
[Result "0-1"]
[WhiteElo "1906"]
[BlackElo "2042"]
[WhiteFideId "504572"]
[BlackFideId "410314"]
[EventDate "2012.01.24"]

1. Nf3 d6 2. d4 Nf6 3. c4 Nbd7 4. Nc3 e5 5. e4 c6 6. Be2 a6 7. O-O b5 8. Qc2 Bb7
9. Rd1 Qc7 10. Bg5 Be7 11. Rac1 Rc8 12. b4 O-O 13. dxe5 dxe5 14. c5 h6 15. Bd2
Nh7 16. a4 Ng5 17. Nxg5 hxg5 18. Be3 Rfe8 19. Rd3 Nf8 20. Rcd1 Rcd8 21. Qc1 Ne6
22. g3 Bc8 23. Nd5 cxd5 24. exd5 Nd4 25. Bxd4 exd4 26. d6 Bxd6 27. cxd6 Qxc1 28.
Rxc1 Rxe2 0-1

[Event "Gibraltar Open"]
[Site "Caleta ENG"]
[Date "2012.01.29"]
[Round "6.111"]
[White "Bernula, Istvan"]
[Black "Marder, Simon"]
[Result "1/2-1/2"]
[WhiteElo "1880"]
[BlackElo "2032"]
[WhiteFideId "745499"]
[BlackFideId "1704540"]
[EventDate "2012.01.24"]

1. e4 d5 2. e5 Bf5 3. d4 e6 4. Nf3 c5 5. Bb5+ Nc6 6. O-O Qb6 7. Nc3 Bg4 8. Bxc6+
Qxc6 9. Be3 Nh6 10. h3 Bxf3 11. Qxf3 Nf5 12. g4 Nxd4 13. Bxd4 cxd4 14. Ne2 Bc5
15. Qd3 O-O 16. Kg2 Rfc8 17. Nxd4 Bxd4 18. Qxd4 Qxc2 19. Rac1 Qxc1 20. Rxc1 Rxc1
21. b3 a6 22. h4 Rc2 23. h5 Rxa2 24. Qc3 d4 25. Qxd4 Rc8 26. Kg3 h6 27. f3 Rac2
28. Qb6 R8c7 29. Qa7 Kh7 30. Qa8 Rd2 31. Qb8 Rcd7 32. Qc8 R2d4 33. Qc2+ Kg8 34.
b4 R4d5 35. Qc3 Rd3 36. Qc8+ Kh7 37. Qc2 Rd5 38. Kf2 g6 39. Ke2 Rd2+ 40. Qxd2
Rxd2+ 41. Kxd2 gxh5 42. gxh5 b6 43. b5 a5 44. Kc3 Kg8 45. f4 Kf8 46. Kc4 Ke7 47.
Kc3 1/2-1/2

[Event "Gibraltar Open"]
[Site "Caleta ENG"]
[Date "2012.01.29"]
[Round "6.112"]
[White "Flynn, David"]
[Black "Forsa, Elise"]
[Result "1/2-1/2"]
[WhiteElo "1973"]
[BlackElo "1770"]
[WhiteFideId "410594"]
[BlackFideId "1500163"]
[EventDate "2012.01.24"]

1. e4 c5 2. c3 e6 3. d4 d5 4. exd5 Qxd5 5. Nf3 Nc6 6. Be2 cxd4 7. cxd4 Nf6 8.
O-O a6 9. Nc3 Qd8 10. Qa4 Bd7 11. Qb3 Na5 12. Qd1 Rc8 13. d5 Nxd5 14. Nxd5 exd5
15. Qxd5 Be7 16. Rd1 Bf6 17. Bg5 Be6 18. Qxd8+ Bxd8 19. Rxd8+ Rxd8 20. Bxd8 Kxd8
21. Nd4 Bd7 22. f4 Nc6 23. Rd1 Nxd4 24. Rxd4 Kc7 25. Kf2 Be6 26. a3 Rd8 27. Rxd8
Kxd8 28. Bf3 Kc7 29. Ke3 b6 30. Kd4 Kd6 31. Be4 f5 32. Bc2 a5 33. g3 h6 34. Bd3
g6 35. h4 h5 36. Bb5 Bf7 37. Ba4 Ke7 38. Ke5 Bc4 39. Bc6 Bb3 40. Bd5 Ba4 41. Ba2
Bd7 42. Bg8 Be8 43. Kd5 Bb5 44. Be6 Ba4 45. Bc8 Bb5 46. Bb7 Kd7 47. Ke5 1/2-1/2

[Event "Gibraltar Open"]
[Site "Caleta ENG"]
[Date "2012.01.29"]
[Round "6.113"]
[White "Fransson, Angelina"]
[Black "Riiser, Samuel"]
[Result "1-0"]
[WhiteElo "1967"]
[BlackElo "1827"]
[WhiteFideId "1712632"]
[BlackFideId "1509470"]
[EventDate "2012.01.24"]

1. e4 c5 2. d3 d6 3. g3 Nf6 4. Bg2 e6 5. f4 Nbd7 6. Nf3 Be7 7. O-O O-O 8. h3 Qc7
9. Qe2 a6 10. Nc3 b5 11. e5 dxe5 12. fxe5 Ne8 13. Bf4 Bb7 14. Ne4 Qb6 15. Rae1
Nc7 16. Bg5 Bxg5 17. Nfxg5 h6 18. Nxf7 Bxe4 19. Bxe4 Rxf7 20. Rxf7 Kxf7 21. Bxa8
Nxa8 22. Qf3+ 1-0

[Event "Gibraltar Open"]
[Site "Caleta ENG"]
[Date "2012.01.29"]
[Round "6.114"]
[White "Jernselius, Kjell"]
[Black "Marano, Salvatore"]
[Result "0-1"]
[WhiteElo "1858"]
[BlackElo "1967"]
[WhiteFideId "1712217"]
[BlackFideId "814962"]
[EventDate "2012.01.24"]

1. d4 g6 2. Nf3 Bg7 3. c3 d6 4. g3 Nd7 5. Bg2 Ngf6 6. O-O O-O 7. Re1 h6 8. e4 e5
9. Qc2 Re8 10. dxe5 dxe5 11. b4 Nh7 12. Bb2 Ng5 13. Nbd2 Nf8 14. Rad1 Nh3+ 15.
Kf1 Bg4 16. c4 Ne6 17. Nb3 Qe7 18. a3 Neg5 19. Re3 Rf8 20. Rd5 Bxf3 21. Bxf3 c6
22. Rdd3 f5 23. Rd2 f4 24. gxf4 Nxf4 25. c5 Rad8 26. Bc3 h5 27. Rxd8 Rxd8 28.
Be1 Qe6 29. Bh1 h4 30. Nd2 Qg4 31. Qc3 Ngh3 32. Nf3 Kh8 33. Bd2 Rf8 34. Be1 Ne6
35. Bg2 Nhf4 36. Bh1 Nh3 37. Ke2 Ng1+ 38. Kd1 Nd4 39. Kc1 Nge2+ 40. Rxe2 Nxe2+ 0-1

[Event "Gibraltar Open"]
[Site "Caleta ENG"]
[Date "2012.01.29"]
[Round "6.116"]
[White "Gallach Perez, Yago"]
[Black "Pietinen, Pekka"]
[Result "0-1"]
[WhiteElo "1843"]
[BlackElo "2008"]
[WhiteFideId "2237598"]
[BlackFideId "502545"]
[EventDate "2012.01.24"]

1. d4 Nf6 2. c4 c5 3. d5 b5 4. f3 bxc4 5. e4 d6 6. Bxc4 g6 7. Ne2 Bg7 8. a4 O-O
9. O-O Na6 10. Na3 Nb4 11. Rb1 Qa5 12. Bd2 Bd7 13. Nc3 Rab8 14. Kh1 Rfc8 15. b3
Be8 16. Qe2 Nd7 17. f4 Nb6 18. Ncb5 Nxc4 19. Nxc4 Bxb5 20. axb5 Qxb5 21. h4 Nc2
22. Bc3 Nd4 23. Bxd4 Bxd4 24. h5 Qd7 25. Qf3 e6 26. Qg4 Rd8 27. hxg6 hxg6 28.
dxe6 Qxe6 29. f5 Qf6 30. Rf3 Kg7 31. fxg6 Rh8+ 32. Rh3 Rxh3+ 33. gxh3 Qxg6 34.
Qxg6+ fxg6 35. Nxd6 a5 36. Kg2 a4 37. Nc4 axb3 38. Na5 b2 39. Nc6 Rb3 40. Kf1
Bc3 41. Ke2 Ra3 42. Kd1 Ra1 43. Kc2 Rxb1 44. Kxb1 Kf6 45. h4 Ke6 46. Kc2 Kd6 47.
Nb8 Bd4 48. Kb1 c4 0-1

[Event "Gibraltar Open"]
[Site "Caleta ENG"]
[Date "2012.01.29"]
[Round "6.118"]
[White "Boesch, Heinz"]
[Black "Conflitti, Alessandro"]
[Result "1-0"]
[WhiteElo "1904"]
[BlackElo "1792"]
[WhiteFideId "4673824"]
[BlackFideId "843563"]
[EventDate "2012.01.24"]

1. c4 Nf6 2. g3 d6 3. Bg2 e5 4. Nc3 Nbd7 5. d3 Be7 6. e4 a5 7. Nge2 O-O 8. O-O
c6 9. h3 Rb8 10. a4 Nc5 11. Be3 Na6 12. Kh2 Nb4 13. f4 exf4 14. Nxf4 Be6 15.
Nce2 Bg4 16. Qd2 Bxe2 17. Nxe2 d5 18. cxd5 cxd5 19. e5 Nd7 20. d4 Nb6 21. b3 Rc8
22. Rac1 Qd7 23. h4 Rc6 24. Rxc6 Nxc6 25. Bh3 Bb4 26. Qd3 Qe7 27. Nf4 Nd8 28.
Qb5 Nc8 29. Nxd5 1-0

[Event "Gibraltar Open"]
[Site "Caleta ENG"]
[Date "2012.01.29"]
[Round "6.120"]
[White "Henrichsen, Jens"]
[Black "Whatley, Stephen A J"]
[Result "1-0"]
[WhiteElo "1901"]
[BlackElo "1648"]
[WhiteFideId "1401858"]
[BlackFideId "420441"]
[EventDate "2012.01.24"]

1. d4 Nf6 2. Nf3 g6 3. c4 Bg7 4. Nc3 d5 5. Qb3 dxc4 6. Qxc4 O-O 7. e4 Nbd7 8. e5
Nb6 9. exf6 Nxc4 10. fxg7 Kxg7 11. Bxc4 Bg4 12. Be3 Bxf3 13. gxf3 Qd6 14. Bb3
Qb4 15. O-O-O Qa5 16. h4 Qh5 17. f4 h6 18. Rdg1 Rh8 19. Bc2 Rag8 20. d5 Kf8 21.
Bd4 Rh7 22. Be5 f6 23. Bxc7 Kg7 24. Bxg6 Qxg6 25. f5 Qxg1+ 26. Rxg1+ Kf7 27. Rg3
Rhg7 28. Kd2 Rg4 29. Rxg4 Rxg4 30. Bg3 b5 31. Kd3 b4 32. Ne4 a5 33. b3 Rg8 34.
Kc4 Rg4 35. f3 Rg8 36. Kb5 Rd8 37. d6 exd6 38. Nxd6+ Ke7 39. Kxa5 Ra8+ 40. Kxb4
Rxa2 41. Ne4 Ra8 42. Kb5 Rd8 43. Bd6+ Kf7 44. b4 Rg8 45. Kc6 Rg1 46. b5 Rc1+ 47.
Nc5 Rf1 48. b6 Rb1 49. b7 Rxb7 50. Nxb7 h5 51. Kd7 Kg8 52. Ke7 Kg7 53. Nc5 Kh7
54. Kxf6 Kh6 55. Bf4+ Kh7 56. Kg5 Kg7 57. Kxh5 Kf6 58. Kg4 Kg7 59. Kg5 Kh7 60.
f6 Kg8 61. Kg6 Kh8 62. Bh2 Kg8 63. f7+ 1-0